000 00184nam a2200085Ia 4500
008 170617s9999 xx 000 0 und d
100 _aS L Bodhekar
245 0 _aPathophysiology
260 _bNirali
260 _c2007
999 _c15180
_d15180